000 00837nam a2200253Ia 4500
003 OSt
005 20220923220815.0
006 a|||||r|||| 00| 0
007 ta
008 220922b |||||||| |||| 00| 0 hin d
024 _a190,647
037 _cTextual
040 _aARTS
_cARTS
_bhin
041 _2hin
_ahin
082 _aR6, 152L5;L8
100 _aदेवराज, नन्दकिशोर, सम्प
245 0 _aभारतीय दर्शन
246 _aBhāratīya darshana
250 _aसंस्क0 2
260 _aलखनऊ
_b उत्तर प्रदेश हिन्दी संस्थान
_c1978
300 _a7]424पृ.
_ccm.
942 _hR6, 152L5;L8
_cTEXL
_2CC
999 _c343422
_d343422